00717nam a2200229 a 450000100060000000300080000600500170001400800410003103500200007204000260009204100080011808200250012624501070015126000320025830000220029050000210031265000420033365000320037570000290040770000290043670000220046549686BD-RjUL20211209054720.0160822s1947 enk||||| |||| 00| 0 eng d a(BD-RjUL) 49806 aBD-RjULbengcBD-RjUL aeng 223a327.05bYEA 194704aThe Year Book of world affairs, 1947 /cGeorge Williams Keeton, Georg Schwarzenberger, Leslie C. Green aLondon : bStevens,c1947. a344 p. ;c21 cm.  aIncludes index.  aInternational relationsxPeriodicals  aWorld politicsxPeriodicals aKeeton, George Williams  aSchwarzenberger, Georg  aGreen, Leslie C.